Niektoré možnosti využitia teórie obnovy v aktuárstve diplomová práca

Gespeichert in:
Bibliographische Detailangaben
1. Verfasser: Kalivodová, Jana
Körperschaft: Fakulta hospodárskej informatiky EU. Katedra matematiky a aktuárstva
Weitere Verfasser: Fecenko, Jozef
Format: Buch
Sprache:Slowakisch
Veröffentlicht: Bratislava 2019
Tags: Tag hinzufügen
Keine Tags, Fügen Sie das erste Tag hinzu!

MARC

LEADER 00000nbm a2200000 4500
001 0254158
005 20191023084712.3
041 0 |a slo 
044 |a SK 
245 1 0 |a Niektoré možnosti využitia teórie obnovy v aktuárstve  |b diplomová práca  |c Jana Kalivodová ; školiteľ: Jozef Fecenko 
264 1 |a Bratislava  |c 2019 
300 |a 58 s. 
100 1 |a Kalivodová, Jana 
700 1 |a Fecenko, Jozef 
710 2 |a Fakulta hospodárskej informatiky EU. Katedra matematiky a aktuárstva